[Event "EU-ch U14"]
[Site "Bratislava"]
[Date "2019.08.03"]
[Round "2"]
[White "Farkas, Otto Jr"]
[Black "Mammi, Samuele"]
[Result "1-0"]
[WhiteElo "1916"]
[BlackElo "1710"]
[PlyCount "89"]
[EventDate "2019.08.02"]
[EventType "swiss"]
[EventRounds "9"]
[EventCountry "SVK"]
[SourceTitle "EXT 2020"]
[Source "ChessBase"]
[SourceDate "2019.10.17"]
[SourceVersion "1"]
[SourceVersionDate "2019.10.17"]
[SourceQuality "1"]

1. e4 e5 2. Nf3 Nc6 3. Bb5 a6 4. Ba4 g6 5. 0-0 Bg7 6. c3 Nge7 7. d3 0-0 8. Re1 d6 9. Nbd2 h6 10. Nf1 f5 11. exf5 Bxf5 12. Ne3 Be6 13. h3 Qd7 14. d4 e4 15. Nh2 d5 16. Neg4 b5 17. Bb3 Kh7 18. Qe2 Nf5 19. f3 Nd6 20. f4 b4 21. Ne5 Bxe5 22. fxe5 Nf5 23. Bd2 bxc3 24. bxc3 Nfe7 25. a4 Na7 26. Rf1 Nf5 27. Rf2 Ng3 28. Qe3 Nf5 29. Qe2 Ng3 30. Qe1 Nh5 31. Qe3 g5 32. Raf1 Rxf2 33. Qxf2 Nc6 34. Bd1 Ng7 35. Ng4 Nh5 36. Nxh6 Kxh6 37. Qh4 Bf7 38. Qxg5+ Kh7 39. Bxh5 Bxh5 40. Qxh5+ Kg8 41. Qg6+ Qg7 42. Qxc6 Rb8 43. Qxd5+ Kh8 44. Qxe4 Rg8 45. Qh4+ 1-0

[Event "EU-ch U14"]
[Site "Bratislava"]
[Date "2019.08.02"]
[Round "1"]
[White "Musyuk, Lior"]
[Black "Farkas, Otto Jr"]
[Result "1-0"]
[WhiteElo "2311"]
[BlackElo "1916"]
[PlyCount "80"]
[EventDate "2019.08.02"]
[EventType "swiss"]
[EventRounds "9"]
[EventCountry "SVK"]
[SourceTitle "EXT 2020"]
[Source "ChessBase"]
[SourceDate "2019.10.17"]
[SourceVersion "1"]
[SourceVersionDate "2019.10.17"]
[SourceQuality "1"]

1. e4 c5 2. Nf3 e6 3. d4 cxd4 4. Nxd4 Nf6 5. Nc3 Nc6 6. g3 Bb4 7. Bg2 d5 8. exd5 Nxd5 9. 0-0 Nxc3 10. bxc3 Bxc3 11. Nxc6 Qxd1 12. Rxd1 Bd7 13. Rb1 Bxc6 14. Bxc6+ bxc6 15. Ba3 a5 16. Rd3 Bb4 17. Bxb4 axb4 18. Rxb4 0-0 19. a4 g6 20. Rd7 Rfd8 21. Rc7 Rdc8 22. Re7 Rab8 23. Rf4 Rf8 24. Rc7 Rb6 25. Ra7 e5 26. Rf6 Kg7 27. Re6 Ra8 28. Rc7 Rc8 29. Rxg6+ hxg6 30. Rxc8 Ra6 31. Kf1 Kf6 32. Rc7 Ke6 33. Ke2 f6 34. h4 g5 35. h5 Kd6 36. Rc8 Rxa4 37. h6 Ra7 38. Rh8 Ke6 39. g4 f5 40. h7 Kd5 1-0

[Event "HUN-ch U14"]
[Site "Balatonlelle"]
[Date "2019.06.28"]
[Round "9"]
[White "Farkas, Otto Jr"]
[Black "Fule, Simon"]
[Result "1/2-1/2"]
[WhiteElo "1859"]
[BlackElo "2148"]
[PlyCount "48"]
[EventDate "2019.06.21"]
[EventType "swiss"]
[EventRounds "9"]
[EventCountry "HUN"]
[SourceTitle "CBM 191 Extra"]
[Source "ChessBase"]
[SourceDate "2019.09.30"]
[SourceVersion "1"]
[SourceVersionDate "2019.09.30"]
[SourceQuality "1"]

1. e4 e5 2. Nf3 Nc6 3. Bb5 a6 4. Ba4 Nf6 5. d3 d6 6. c3 g6 7. 0-0 Bg7 8. Re1 0-0 9. h3 b5 10. Bb3 Na5 11. Bc2 c5 12. Nbd2 Nc6 13. a4 Bb7 14. Nf1 d5 15. Bg5 d4 16. cxd4 cxd4 17. Qd2 Qd6 18. N3h2 Nd7 19. Ng4 h5 20. Ngh2 Nc5 21. axb5 axb5 22. Bh6 b4 23. Bxg7 Kxg7 24. b3 f6 1/2-1/2

[Event "HUN-ch U14"]
[Site "Balatonlelle"]
[Date "2019.06.26"]
[Round "8"]
[White "Pater, Peter"]
[Black "Farkas, Otto Jr"]
[Result "0-1"]
[WhiteElo "1901"]
[BlackElo "1859"]
[PlyCount "54"]
[EventDate "2019.06.21"]
[EventType "swiss"]
[EventRounds "9"]
[EventCountry "HUN"]
[SourceTitle "CBM 191 Extra"]
[Source "ChessBase"]
[SourceDate "2019.09.30"]
[SourceVersion "1"]
[SourceVersionDate "2019.09.30"]
[SourceQuality "1"]

1. d4 d5 2. c4 dxc4 3. Nf3 a6 4. a4 Nf6 5. g3 Nc6 6. Bg2 e6 7. 0-0 Be7 8. Nc3 0-0 9. e4 Bb4 10. Bg5 h6 11. Bh4 g5 12. Nxg5 hxg5 13. Bxg5 Be7 14. e5 Nh7 15. Bh6 Qxd4 16. Bxf8 Nxf8 17. Re1 Qxd1 18. Raxd1 Nd7 19. f4 Bc5+ 20. Kf1 Bb4 21. Re4 Bxc3 22. bxc3 Nb6 23. Ke2 Nxa4 24. Rxc4 Nb2 25. Bxc6 Nxc4 26. Rd8+ Kg7 27. Bd7 Nb6 0-1